书目信息 |
| 题名: |
财务成本管理
|
|
| 作者: | ;学习考试用书研发中心 编著 | |
| 分册: | ||
| 出版信息: | 北京 清华大学出版社 2014 |
|
| 页数: | 12, 511页 | |
| 开本: | 26cm | |
| 丛书名: | ||
| 单 册: | ||
| 中图分类: | F275.3 | |
| 科图分类: | ||
| 主题词: | 企业管理--成本管理--资格考试--自学参考资料 | |
| 电子资源: | ||
| ISBN: | 978-7-302-33385-2 | |
| 000 | 00899nam0 2200241 450 | |
| 001 | 338832 | |
| 005 | 20150603152654.53 | |
| 010 | @a978-7-302-33385-2@dCNY46.00 | |
| 100 | @a20140423d2014 em y0chiy50 ea | |
| 101 | 0 | @achi |
| 102 | @aCN@b110000 | |
| 105 | @ay z 000yy | |
| 106 | @ar | |
| 200 | 1 | @a财务成本管理@Acai wu cheng ben guan li@f学习考试用书研发中心编著 |
| 210 | @a北京@c清华大学出版社@d2014 | |
| 215 | @a12, 511页@d26cm | |
| 300 | @a全国注册会计师培训考试一本通 | |
| 330 | @a本书主要内容包括: 财务管理概述, 财务报表分析、长期计划与财务预测, 财务估价的基础概念, 资本成本、企业价值评估、资本预算、资本结构、股利分配、营运资本筹资、标准成本计算等。 | |
| 606 | 0 | @a企业管理@x成本管理@x资格考试@j自学参考资料 |
| 690 | @aF275.3@v5 | |
| 711 | 02 | @a学习考试用书研发中心@Axue xi kao shi yong shu yan fa zhong xin@4编著 |
| 801 | 0 | @aCN@b卓展宏图@c20150525 |
| 905 | @dF275.3@e1227@f5 | |
| 财务成本管理/学习考试用书研发中心编著.-北京:清华大学出版社,2014 |
| 12, 511页;26cm |
| 全国注册会计师培训考试一本通 |
| ISBN 978-7-302-33385-2:CNY46.00 |
| 本书主要内容包括: 财务管理概述, 财务报表分析、长期计划与财务预测, 财务估价的基础概念, 资本成本、企业价值评估、资本预算、资本结构、股利分配、营运资本筹资、标准成本计算等。 |
| ● |
| 相关链接 |
|
|
|
|
正题名:财务成本管理
索取号:F275.3/1227
 
预约/预借
| 序号 | 登录号 | 条形码 | 馆藏地/架位号 | 状态 | 备注 |
| 1 | 860758 | 208607587 | 第一样本阅览室/ [索取号:F275.3/1227] | 在馆 | |
| 2 | 860759 | 208607596 | 第一借阅区/ [索取号:F275.3/1227] | 在馆 | |
| 3 | 860760 | 208607603 | 第一借阅区/ [索取号:F275.3/1227] | 在馆 | |
| 4 | 860761 | 208607612 | 密集书库-海洋学院/ [索取号:F275.3/1227] | 在馆 | |
| 5 | 860762 | 208607621 | 第一借阅区/ [索取号:F275.3/1227] | 在馆 |